000 00341nam a2200133Ia 4500
008 210210b1976 xxu||||| |||| 00| 0 eng d
082 _aT494.5 RAMT
100 _aRAMACHANDRARAV (Bi).
245 _aTulu bhashe kiru parichaya.
260 _aBengaluru
_bAi Bi Ech Prakashana
_c1976
300 _a43
690 _aTulu Grammar
906 _a032355
999 _c83367
_d83367